000 00930nam a22003137a 4500
003 CHAP
005 20220329140126.0
008 971013s1952 r 00010 d
010 _a47350
011 _a48322
035 _a52467
040 _cCHAP
090 _aFolleto 11912
100 0 0 _aVan Den Abeele, Marcel.
_9117712
245 _aPlantes á parfum
250 _a2 ed.
260 _aBruxelles :
_bCentre D'Information et de Documentation,
_c1952
300 _a27 p.
_b: ilus.
590 _aBATCH-UPD
_b10
_c20130109
_lUCH01
_h2312
590 _aBATCH-UPD
_b10
_c20130110
_lUCH01
_h1837
590 _aBATCH-UPD
_b10
_c20130409
_lUCH01
_h1831
590 _aBATCH-UPD
_b10
_c20130914
_lUCH01
_h0832
590 _aCONVERSION
_b10
_c20130109
_lUCH01
_h1326
650 1 4 _aEsencias.
_937677
700 0 _aCandenput, René.
_918333
901 _aBK
942 _cFOLL
949 _aFolleto 11912
_bBC
_cFOLL
_d-116874
_eTS1
_i52467
_mD
_si
999 _c47350
_d47350